1294 1474 1627 1167 1539 1257 1468 1921 1019 1746 1570 1728 1178 1939 1461 1713 1036 1944 1203 1490 1737 1601 1321 1521 1770 1599 1883 1809 1327 1633 1475 1544 1532 1175 1598 1477 1412 1539 1600 1073 1328 1710 2000 1271 1265 1116 1249 1252 1148 1515 1091 1080 1071 1236 1680 1041 1984 1217 1270 1310 1393 1276 1086 1422 1955 1981 1931 1550 1681 1673 1096 1367 1467 1062 1074 1273 1798 1108 1076 1118 1468 1077 1159 1399 1413 1200 1788 1590 1153 1992 1024 1694 1814 1706 1333 1923 1922 1199 1627 BCNSPRNW ULIB Ver.6.0+V

เปลี่ยนเป็นภาษาไทย

Change to English
 แสดงรายละเอียดบรรณานุกรม
  กลับหน้าหลัก

Brief Record : Get Marc (ISO 2709) : E-mail record : QR code < ปิดหน้าต่าง
LEADER : 00000nam 2200000uu 4500
001    13399107758
003     ULIB
008    110202s2553||||th 000 0 tha d
020    9789749751817
060  4 WP440^bล144ธ 2553
100 0  ลลิตา ธีระสิริ
245 00 สุขภาพสตรี ธรรมชาติบำบัดโรคมดลูกรังไข่^cลลิตา ธีระสิริ
250    พิมพ์ครั้งที่ 1
260    กรุงเทพฯ^bบริษัท รวมทรรศน์ จำกัด,^c2553
300    200 หน้า;^bมีภาพประกอบ
650  7 มดลูก
650  7 รังไข่
650  7 สตรี^xสุขภาพและอนามัย
700 0  ลลิตา ธีระสิริ
945    ^p240^l0^i029595
945    ^p240^l0^i029593
945    ^p240^l0^i029834
945    ^p240^l0^i029833
945    ^p240^l0^i029596
945    ^p240^l0^i029594
995    ทศพร
999 ^a ใช้งานได้ทุกระบบ
รายการนี้ยังไม่มีแท็ก
คุณยังไม่ได้ล็อกอิน คุณสามารถมีกิจกรรมร่วมกับเว็บไซต์ได้ แต่ต้องล็อกอินก่อน ::
  ล็อกอิน

รายการสื่อสารสนเทศ

ลำดับที่ ประเภท เลขเรียก/บาร์โค้ด สถานที่ สถานะ
1. วิทยาศาสตร์การแพทย์ และสุขภาพ
หนังสือสำรอง
สถานะ=หนังสือสำรอง
WP440 ล144ธ 2553 ฉ.1 
  Barcode: 029593
ห้องสมุดวิทยาเขตสวรรค์ประชารักษ์
►ส่วนจัดเก็บหนังสือเก่า สปร
บนชั้น
  ขอยืม
2. วิทยาศาสตร์การแพทย์ และสุขภาพ
วิทยาศาสตร์การแพทย์ และสุขภาพ
WP440 ล144ธ 2553 ฉ.2 
  Barcode: 029594
ห้องสมุดวิทยาเขตสวรรค์ประชารักษ์
►ส่วนจัดเก็บหนังสือเก่า สปร
บนชั้น
  ขอยืม
3. วิทยาศาสตร์การแพทย์ และสุขภาพ
วิทยาศาสตร์การแพทย์ และสุขภาพ
WP440 ล144ธ 2553 ฉ.3 
  Barcode: 029595
ห้องสมุดวิทยาเขตสวรรค์ประชารักษ์
►ส่วนจัดเก็บหนังสือเก่า สปร
บนชั้น
  ขอยืม
4. วิทยาศาสตร์การแพทย์ และสุขภาพ
วิทยาศาสตร์การแพทย์ และสุขภาพ
WP440 ล144ธ 2553 ฉ.4 
  Barcode: 029596
ห้องสมุดวิทยาเขตสวรรค์ประชารักษ์
►ส่วนจัดเก็บหนังสือเก่า สปร
บนชั้น
  ขอยืม
5. วิทยาศาสตร์การแพทย์ และสุขภาพ
วิทยาศาสตร์การแพทย์ และสุขภาพ
WP440 ล144ธ 2553 ฉ.5 
  Barcode: 029833
ห้องสมุดวิทยาเขตสวรรค์ประชารักษ์
►ส่วนจัดเก็บหนังสือเก่า สปร
บนชั้น
  ขอยืม
6. วิทยาศาสตร์การแพทย์ และสุขภาพ
วิทยาศาสตร์การแพทย์ และสุขภาพ
WP440 ล144ธ 2553 ฉ.6 
  Barcode: 029834
ห้องสมุดวิทยาเขตสวรรค์ประชารักษ์
►ส่วนจัดเก็บหนังสือเก่า สปร
บนชั้น
  ขอยืม

รายการใกล้เคียง
    ผู้แต่ง [ลลิตา ธีระสิริ]

    หัวเรื่อง [มดลูก]
    หัวเรื่อง [รังไข่]

BibComment


ยังไม่เคยถูกคอมเมนท์

คอมเมนท์ทรัพยากรรายการนี้
  คอมเมนท์: สุขภาพสตรี ธรรมชา..


 Copyright 2026. Bcnsprnw @Library